00000000nam 2200000zi 4500
0019.885948
003CaOODSP
00520230515084223
006m     o  d f      
007cr |n|||||||||
008200420t20202020onc     ob   f|0| 0 eng d
020 |a9780660346137
040 |aCaOODSP|beng|erda|cCaOODSP
043 |an-cn---
0861 |aBT22-226/7-2020E-PDF
24500|aDirective on mandatory training.
264 1|aOttawa : |bTreasury Board of Canada, Secretariat, |c2020.
264 4|c©2020
300 |a1 online resource (6 pages)
336 |atext|btxt|2rdacontent
337 |acomputer|bc|2rdamedia
338 |aonline resource|bcr|2rdacarrier
500 |aIssued also in French under title: Directive sur la formation indispensable.
500 |aIssued also in HTML.
500 |a"Published: 2020-04-23."
504 |aIncludes bibliographical hyperlink references (pages 5-6).
651 0|aCanada|xOfficials and employees|xTraining of|xGovernment policy.
7101 |aCanada. |bTreasury Board.
77508|tDirective sur la formation obligatoire.|w(CaOODSP)9.885947
794 |tDirective on mandatory training.|w(CaOODSP)9.921737
85640|qPDF|s580 KB|uhttps://publications.gc.ca/collections/collection_2020/sct-tbs/BT22-226-7-2020-eng.pdf
8564 |qHTML|sN/A|uhttps://www.tbs-sct.gc.ca/pol/doc-eng.aspx?id=32628